Les 10 guerres les plus meurtrières - Statistiques

Statistiques générales
  • Ce quiz a été pris 296 fois
  • Le résultat moyen est 3 sur 10
Statistiques - réponses
Hint Réponse % Correct
20 millions de victimes (1914-1918) - Europe/Asie/Amerique PREMIÈRE GUERRE MONDIALE
100%
70 millions de victimes (1939-1945) - monde SECONDE GUERRE MONDIALE
97%
9 millions de victimes (1917-1921) - Asie/Europe GUERRE CIVILE RUSSE
27%
5,4 millions de victimes (1998-2003) - Afrique DEUXIÈME GUERRE DU CONGO
19%
20-25 millions de victimes (1851-1864) - Asie RÉVOLTE DES TAIPING
9%
30 millions de victimes (1207-1472) - Asie CONQUÊTES MONGOLES
8%
25 millions de victimes (1616-1622) - Asie LA DYNASTIE DES QING
2%
15-20 millions de victimes (1369-1405) - Asie CONQUÊTES DES TARMELAN
1%
33-36 millions de victimes (755-763) - Asie RÉVOLTE D’AN LUSHAN
1%
12 millions de victimes (1862-1877) - Asie RÉVOLTE DES DOUNGANES
1%
Aucun quiz correspondant
Distribution des résultats
% des personnes avec chaque résultat
Percentile par nombre de réponses
Votre historique - résultats
Vous n’avez pas pris ce quiz